[Event "CRI-ch (Women)"]
[Site "San Jose"]
[Date "2024.02.10"]
[Round "4"]
[White "Salazar Delgado, Aylin Naomi"]
[Black "Campos Munoz, Valentina"]
[Result "1-0"]
[WhiteElo "1309"]
[BlackElo "1359"]
[PlyCount "71"]
[EventDate "2024.02.03"]
[EventType "swiss"]
[EventRounds "9"]
[EventCountry "CRI"]
[SourceTitle "CB08_2024"]
[SourceDate "2024.02.21"]
[SourceVersion "1"]
[SourceVersionDate "2024.02.21"]
[SourceQuality "1"]

1. d4 Nf6 2. Bg5 g6 3. Nc3 Bg7 4. e4 d6 5. f4 h6 6. Bh4 Nc6 7. Nf3 0-0 8. Qd2 b6 9. 0-0-0 Bb7 10. Rg1 a5 11. a3 Na7 12. Bd3 Qd7 13. Qe2 c5 14. dxc5 bxc5 15. f5 g5 16. Bg3 Rfb8 17. Bc4 Ne8 18. Ne5 Bxe5 19. Bxe5 Nf6 20. Bxf6 exf6 21. Qh5 Kg7 22. Nd5 Bxd5 23. Rxd5 Nc8 24. h4 Nb6 25. hxg5 fxg5 26. f6+ Kxf6 27. Rf5+ Qxf5 28. exf5 Nxc4 29. Qxh6+ Ke7 30. Qxg5+ Kd7 31. Qh5 Nxb2 32. Qxf7+ Kc6 33. Rh1 Rb7 34. Qe6 Rab8 35. Rh6 Nd3+ 36. Kd2 1-0

[Event "Caribbean-ch U14"]
[Site "San Salvador"]
[Date "2021.11.27"]
[Round "3"]
[White "Monge Ramirez, Abigail"]
[Black "Salazar Delgado, Aylin Naomi"]
[Result "1-0"]
[WhiteElo "1079"]
[BlackElo "1063"]
[PlyCount "105"]
[EventDate "2021.11.27"]
[EventType "swiss"]
[EventRounds "9"]
[EventCountry "ESA"]
[SourceTitle "EXT 2023"]
[Source "ChessBase"]
[SourceDate "2022.10.05"]
[SourceVersion "1"]
[SourceVersionDate "2022.10.05"]
[SourceQuality "1"]
[WhiteTeam "Costa Rica"]
[BlackTeam "Costa Rica"]
[WhiteTeamCountry "CRI"]
[BlackTeamCountry "CRI"]

1. e4 e5 2. f4 d6 3. Nf3 Nc6 4. Bc4 Bg4 5. Bb5 Nge7 6. 0-0 a6 7. Be2 g6 8. d3 Bg7 9. Nc3 Be6 10. Ng5 Qd7 11. Nxe6 Qxe6 12. Bg4 f5 13. exf5 gxf5 14. Bh5+ Ng6 15. fxe5 dxe5 16. Bg5 Nce7 17. Qf3 0-0-0 18. Na4 Rd4 19. Nc5 Qb6 20. Bxg6 Nxg6 21. Qxf5+ Kb8 22. Be3 Qd6 23. Bxd4 exd4 24. Nb3 Re8 25. Qf7 Re7 26. Qg8+ Ka7 27. Rf7 Qe5 28. Rxe7 Qxe7 29. Qxh7 Qf6 30. Rf1 Nf4 31. Qe4 Bh6 32. Nc5 Qb6 33. Nb3 Qd6 34. Qxd4+ Qxd4+ 35. Nxd4 c5 36. g3 Nxd3 37. cxd3 Be3+ 38. Kg2 Bxd4 39. b3 Kb6 40. h4 Kc6 41. g4 Kd7 42. Rf7+ Kc6 43. g5 b5 44. Rf6+ Kd7 45. Rxa6 Ke7 46. Kh3 Kf7 47. Kg4 Kg7 48. h5 b4 49. h6+ Kh7 50. Kh5 Be5 51. Ra8 Bb8 52. Rxb8 c4 53. g6# 1-0